Guy Fawkes Night Rhyme Quiz Stats

 Plays Quiz Updated Feb 20, 2020

Support Sporcle.
Go Orange.
Score 0/13 Timer 04:00
0 Plays Today
Line start... ...Line end % Correct
Remember, remember, the ___ __ _____Fifth of November
97.4%
The Gunpowder Treason and ___Plot
80.5%
Should ever be ____forgot.
66%
I know __ ____no reason
56.7%
Why the _____ _____Gunpowder Treason
50.8%
To blow up __ ____ ___ _____the King and Parli'ment
29.9%
By God's mercy he was _____catch'd
21.2%
Guy Fawkes, Guy Fawkes, t'was __ _____his intent
13.8%
Holla boys, holla boys, ___ ____ __ ___God save the King!
11.5%
Holla boys, holla boys, let ___ ____ ___the bells ring.
10.8%
To prove old _____'s _______England's overthrow;
10.5%
With a dark lantern ___ _____ ___and burning match
9.7%
Three-score barrels of ____ ____powder below
8.5%

From the Vault

One Subcategory in 15 Categories - Asia

by MrWhiplash

Asia really is big enough to hold all these categories, isn't it?
Remove Ads.
Support Sporcle.
Get the best of Sporcle when you Go Orange. This ad-free experience offers more features, more stats, and more fun while also helping to support Sporcle. Thank you for becoming a member.

Show Comments

Extras

Top Quizzes Today


Score Distribution

Your Account Isn't Verified!

In order to create a playlist on Sporcle, you need to verify the email address you used during registration. Go to your Sporcle Settings to finish the process.

Report this User

Report this user for behavior that violates our Community Guidelines.

Details: